000 00469nam a2200157 i 4500
001 32186
003 ES-MaACL
007 t|
008 030130s1946 sp ||||1| spa d
100 1 _aBenítez de Castro, Cecilio.
_927625
245 1 0 _aCuando los ángeles duermen /
_cpor Cecilio Benítez de Castro.
250 _a[1ª ed.].
260 _aBarcelona :
_b[s.n.,
_c1946] (
_fVda de Santiago Vives)
300 _a752 p. ;
_c20 cm.
852 _aES-MaACL
_jB-8142
_bR.28604
999 _c32186
_d32186